Business Communication Systems
Saved in:
| Main Author: | |
|---|---|
| Other Authors: | , , , , |
| Format: | Book |
| Language: | English |
| Published: |
Brusel
EuroScientia
2015
|
| Edition: | 1st ed. |
| Series: | Economics and Management
|
| Subjects: | |
| Tags: |
No Tags, Be the first to tag this record!
|
MARC
| LEADER | 00000nam a2200000 4500 | ||
|---|---|---|---|
| 001 | 0208803 | ||
| 005 | 20240502083521.9 | ||
| 020 | |a 978-90-822990-0-7 | ||
| 041 | 0 | |a eng | |
| 044 | |a BE | ||
| 245 | 1 | 0 | |a Business Communication Systems |c Jaroslav Dugas, Peter Mesároš, Vojtech Ferencz, Štefan Čarnický ; reviewers: Radoslav Delina, František Sudzina |
| 250 | |a 1st ed. | ||
| 264 | 1 | |a Brusel |b EuroScientia |c 2015 | |
| 300 | |a 168 s. [14 AH] | ||
| 490 | 1 | |a Economics and Management | |
| 830 | 0 | |a Economics and Management | |
| 610 | 2 | 0 | |a systémy komunikačné |
| 610 | 2 | 0 | |a systémy riadenia |
| 610 | 2 | 0 | |a podnikanie |
| 610 | 2 | 0 | |a modelovanie |
| 610 | 2 | 0 | |a riadenie projektové |
| 610 | 2 | 0 | |a plánovanie projektové |
| 100 | 1 | |a Dugas, Jaroslav, 1967- | |
| 700 | 1 | |a Mesároš, Peter | |
| 700 | 1 | |a Ferencz, Vojtech | |
| 700 | 1 | |a Čarnický, Štefan | |
| 700 | 1 | |a Delina, Radoslav | |
| 700 | 1 | |a Sudzina, František | |